000 nam a22 7a 4500
999 _c40526
_d40526
003 OSt
005 20170919122655.0
008 170919b xxu||||| |||| 00| 0 eng d
040 _cSEROSOFT
100 _aCOLLINS
245 _aCOBUID STUDETNS DICTIONARY
250 _a3
300 _a836
942 _2ddc
_c01